000 00495nam a2200181Ia 4500
005 20250620120725.0
008 008 250516s9999 xx 000 0 eng d
020 _a9780443156106
040 _beng
_cSDCL
041 _aeng
_2eng
084 _aD:81 R4
100 _aXing, Liudong
_9465315
245 0 _aReliability and resilience in the internet of things
260 _aLondon :
_bElsevier,
_c2024.
300 _axix, 353p.
650 _aComputer Network
_9554305
942 _cTEXL
_2CC
999 _c1429670
_d1429670